Knowledge management in construction (Record no. 103768)

MARC details
000 -LEADER
fixed length control field 01036cam a2200229 4500
001 - CONTROL NUMBER
control field L127382
008 - FIXED-LENGTH DATA ELEMENTS--GENERAL INFORMATION
fixed length control field 040914n2005 000 0 eng u
020 ## - INTERNATIONAL STANDARD BOOK NUMBER
International Standard Book Number 1405129727
035 ## - SYSTEM CONTROL NUMBER
System control number (Sirsi) u127382
041 ## - LANGUAGE CODE
Language code of text/sound track or separate title eng
050 ## - LIBRARY OF CONGRESS CALL NUMBER
Classification number 690
-- 21
100 ## - MAIN ENTRY--PERSONAL NAME
Personal name Anumba, Chimay J.
245 ## - TITLE STATEMENT
Title Knowledge management in construction
260 ## - PUBLICATION, DISTRIBUTION, ETC.
Place of publication, distribution, etc. Oxford
Name of publisher, distributor, etc. Blackwells
Date of publication, distribution, etc. 2005
350 ## - PRICE (NR) (BK AM CF MU VM SE) [OBSOLETE]
Price 49.50
520 ## - SUMMARY, ETC.
Summary, etc. Discusses the concepts of knowledge management in relation to the construction industry's management of construction projects. Provides practical guidance on the implementation of knowledge management and how this can benefit organisations and projects. Covers basic definitions and fundamental concepts, the role of information technology and knowledge sharing. Includes practical examples from construction and other industry sectors.
590 ## - LOCAL NOTE (RLIN)
Local note IKA020805
690 ## - LOCAL SUBJECT ADDED ENTRY--TOPICAL TERM (OCLC, RLIN)
Topical term or geographic name as entry element MANAGEMENT-BUSINESS MANAGEMENT-INFORMATION MANAGEMENT-KNOWLEDGE MANAGEMENT
700 ## - ADDED ENTRY--PERSONAL NAME
Personal name Edbu, Charles
700 ## - ADDED ENTRY--PERSONAL NAME
Personal name Carrillo, Patricia
942 ## - ADDED ENTRY ELEMENTS (KOHA)
Suppress in OPAC 0
Holdings
Withdrawn status Lost status Source of classification or shelving scheme Damaged status Not for loan Home library Current library Shelving location Date acquired Cost, normal purchase price Total Checkouts Full call number Barcode Date last seen Date last checked out Copy number Cost, replacement price Price effective from Koha item type
    Dewey Decimal Classification     London London Missing 29/07/2005 49.95 16 690 ANU 30063470 06/08/2019 16/12/2008 2 49.95 06/08/2019 Book